Proceedings of the Pakistan Society of Sugar Technologists ... convention.

Saved in:
Bibliographic Details
Corporate Author: Pakistan Society of Sugar Technologists. Convention.
Format: Journal
Language:English
Published: [Faisalabad] : The Society,
Tags: Add Tag
No Tags, Be the first to tag this record!
LEADER 00779cas a22002535a 4500
001 000163473-9
005 20020606090541.3
008 830719c19uu9999pk ar p 0uuua0eng
010 |a  82930825  
035 0 |a ocm09714080 
040 |a DLC  |c DLC  |d NST  |d HUL 
042 |a lc 
050 0 |a TP375  |b .P25a 
082 0 |a 664/.12/05  |2 19 
110 2 |a Pakistan Society of Sugar Technologists.  |b Convention. 
245 1 0 |a Proceedings of the Pakistan Society of Sugar Technologists ... convention. 
246 1 4 |a Proceedings of the ... annual convention 
260 0 0 |a [Faisalabad] :  |b The Society, 
300 |a v. :  |b ill., ports. ;  |c 25 cm. 
310 |a Annual 
500 |a Description based on: 17th (Sept. 19-21, 1981). 
690 0 |a Sugar  |v Periodicals. 
988 |a 20020608 
906 |0 DLC